Star Wars: Clones by Picture - Statistics

General Stats
  • This quiz has been taken 1,081 times
  • The average score is 18 of 30
Answer Stats
Picture Answer % Correct
Rex
100%
Cody
99%
Fives
94%
99
92%
Hunter
84%
Tech
83%
Echo
81%
Wrecker
80%
Crosshair
78%
Fox
78%
Wolffe
76%
Jesse
73%
Bly
67%
Gregor
67%
Waxer
64%
Gree
63%
Boil
61%
Tup
61%
Hardcase
60%
Dogma
56%
Thorn
54%
Kix
51%
Scorch
35%
Colt
34%
Keeli
32%
Sev
29%
Boss
28%
Fixer
25%
Fil
19%
Warthog
16%
No matching quizzes found
Score Distribution
Percent of People with Each Score
Percentile by Number Answered
Your Score History
You have not taken this quiz